00916cam a2200217Ia 450000100060000000300080000600500170001400800390003103500190007004000420008904100160013108200240014724502000017126000630037130000260043465000440046083000400050494200130054499900170055795201240057435419BD-RjUL20211209052322.0140524r19511929enk 000 0 eng a(BD-RjUL)35513 aDLCcYNGdOCLdZBSdBZMdBD-RjULbeng1 aenghhebarc a225.5204bNEW 195114aThe New Testament of our Lord and Saviour Jesus Christ : ctranslated out of the Greek, being the version set forth A.D. 1611 , compared with the most ancient authorities and revised, A.D. 1881. aLondon :bOxford University Press, c1929 [Reprinted 1951] a[6], 545 p. ;c16 cm. aBiblexNew TestamentxVersions.9220856 aThe World's classics ;v3469220855 2ddccRAR c35419d35419 00102ddc40718RAREaRUCLbRUCLcRared2018-04-01l0oRA 225.5204 NEW 1951r2018-04-01 00:00:00tC-1w2018-04-01yRAR